000 01649nam a2200253 a 4500
001 000048392
005 20260305073952.0
008 190219s2016 dr 000 0 spa d
020 _a9789945901665
040 _aDO-SdBNP
_bspa
_cBNPHU
082 _axxxx
_bB915tr
100 1 _aBryan, Patrick
_975802
245 1 3 _aLa transformación económica de la República Dominicana, 1870-1916 /
_cPatrick Bryan ; Presentación, Frank Moya Pons.
260 _aSanto Domingo :
_bAcademia Dominicana de la Historia,
_c2016.
300 _a334 p. :
_bil. ;
_c23 cm.
490 1 _aAcademia Dominicana de la Historia
_v141
500 _aIncluye datos biográficos del autor en la solapa de la contracubierta
500 _aIncluye referencias bibliográficas y notas al pie de las páginas
504 _aBibliografía : p. 297-312
505 0 _aPresentación, Frank Moya Pons --
_tPrefacio --
_tLista de tablas --
_tAbreviaturas --
_gCapítulo 1
_tLa economía y la sociedad dominicana hasta 1870 --
_gCapítulo 2
_tLa República Dominicana y la economía internacional, 1870-1916 --
_gCapítulo 3
_tLa agricultura campesina en el Norte, 1870-1916 --
_gCapítulo 4
_tLos intermediarios --
_gCapítulo 5
_tLa transición hacia la agricultura de plantación, 1870-1884 --
_gCapítulo 6
_tLa crisis azucarera de 1884 y sus consecuencias --
_gCapítulo 7
_tLa consolidación del enclave, 1898-1916 --
_gCapítulo 8
_tEl trabajo --
_gCapítulo 9
_tLa tierra: aspectos legales y organizativos --
_tConclusiones --
_tÍndice onomástico.
590 _aInventariado, 2019/LP
700 1 _aMoya Pons, Frank,
_d1944-
_eprest.
_92095
830 0 _aAcademia Dominicana de la Historia
_n141
_975803
999 _c47880
_d47880